000
00278nam a22001217a 4500
008
170717b xxu||||| |||| 00| 0 eng d
041
_a
eng
080
_a
2
100
_a
24
101
_a
TEO
245
_a
THE TRANSFORMATION OF THEOLOGY 1830-1890
_c
CASHDOLLAR
942
_2
udc
_c
BK
999
_c
21258
_d
21258